| 000 | 00491cam a22001693 4500 | ||
|---|---|---|---|
| 001 | tmp92008541 | ||
| 003 | DLC | ||
| 005 | 20260227112753.0 | ||
| 008 | 060311s1931 ohu 000 1 eng | ||
| 010 | _atmp92008541 | ||
| 040 |
_aDLC _cDLC _dDLC |
||
| 050 | 0 | 0 |
_aPS635.Z9 _bC36 |
| 100 | 1 |
_aChaplin, Alice Williams, _d1887- |
|
| 245 | 0 | 0 |
_aBy hook or crook; _ba comedy in three acts, _cby Alice Williams Chaplin. |
| 260 |
_aDayton, Ohio, _bPaine Pub. company _c[c1931] |
||
| 300 |
_a93 p. _c18 cm. |
||
| 999 |
_c91056 _d91056 |
||